Estadísticas para Países Europeos sin Litoral

Haz click aquí para tomar la prueba!

Estadísticas generales

  • Esta prueba ha sido tomada 2.174 veces
  • La puntuación promedio es 14 de 15

Estadísticas de respuestas

País% Correcto
Andorra
97%
Austria
96%
Suiza
95%
Luxemburgo
93%
República Checa
93%
Eslovaquia
92%
Hungría
92%
Liechtenstein
92%
Serbia
91%
Ciudad del Vaticano
89%
Bielorrusia
88%
Macedonia del Norte
87%
San Marino
87%
Kosovo
86%
Moldavia
83%

Distribución de puntuación

Porcentaje por número respondido

Porcentaje de gente con cada puntuación

Historial de tus puntuaciones

No has tomado esta prueba